[Event "Najdorf Memorial"]
[Site "Warsaw POL"]
[Date "2021.07.14"]
[Round "5.27"]
[White "Goraj, Barbara"]
[Black "Paszewski, Mateusz"]
[Result "1/2-1/2"]
[WhiteElo "2076"]
[BlackElo "2280"]
[EventDate "2021.07.10"]
[PlyCount "93"]
[LiveChessVersion "1.4.8"]

1.e4 {[%clk 1:30:57]} 1...c6 {[%clk 1:30:46]} 2.d4 {[%clk 1:31:18]} 2...d5
{[%clk 1:31:12]} 3.exd5 {[%clk 1:31:38]} 3...cxd5 {[%clk 1:31:38]} 4.Bd3 {[%clk
1:31:56]} 4...Nf6 {[%clk 1:31:45]} 5.h3 {[%clk 1:31:49]} 5...Nc6 {[%clk
1:32:05]} 6.c3 {[%clk 1:32:09]} 6...g6 {[%clk 1:32:22]} 7.Nf3 {[%clk 1:32:28]}
7...Bf5 {[%clk 1:31:42]} 8.Be2 {[%clk 1:32:21]} 8...e6 {[%clk 1:31:43]} 9.Bf4
{[%clk 1:29:53]} 9...h6 {[%clk 1:29:37]} 10.Bh2 {[%clk 1:19:58]} 10...Bd6
{[%clk 1:26:45]} 11.Nbd2 {[%clk 1:17:44]} 11...Bxh2 {[%clk 1:22:44]} 12.Nxh2
{[%clk 1:16:37]} 12...g5 {[%clk 1:22:26]} 13.Ng4 {[%clk 1:12:45]} 13...Qe7
{[%clk 1:06:05]} 14.a4 {[%clk 1:05:41]} 14...Kf8 {[%clk 1:01:04]} 15.a5 {[%clk
0:53:10]} 15...Kg7 {[%clk 0:59:12]} 16.Qa4 {[%clk 0:48:13]} 16...Rac8 {[%clk
0:52:14]} 17.Ne3 {[%clk 0:40:56]} 17...Bg6 {[%clk 0:51:26]} 18.O-O {[%clk
0:37:01]} 18...Qd6 {[%clk 0:37:59]} 19.b4 {[%clk 0:29:34]} 19...Ne4 {[%clk
0:30:40]} 20.Nxe4 {[%clk 0:29:14]} 20...Bxe4 {[%clk 0:31:09]} 21.Rac1 {[%clk
0:23:01]} 21...Ne7 {[%clk 0:21:25]} 22.Rfd1 {[%clk 0:21:26]} 22...h5 {[%clk
0:19:32]} 23.Bd3 {[%clk 0:13:28]} 23...Bxd3 {[%clk 0:17:25]} 24.Rxd3 {[%clk
0:13:50]} 24...Ng6 {[%clk 0:17:39]} 25.Nf1 {[%clk 0:12:14]} 25...Nf4 {[%clk
0:15:26]} 26.Re3 {[%clk 0:12:26]} 26...Rc7 {[%clk 0:15:13]} 27.Qd1 {[%clk
0:11:20]} 27...h4 {[%clk 0:08:01]} 28.Nh2 {[%clk 0:10:38]} 28...Rhc8 {[%clk
0:07:35]} 29.Qg4 {[%clk 0:09:57]} 29...Kh6 {[%clk 0:04:16]} 30.Nf3 {[%clk
0:07:09]} 30...f6 {[%clk 0:03:31]} 31.Ne1 {[%clk 0:02:36]} 31...Rg8 {[%clk
0:02:00]} 32.Nd3 {[%clk 0:02:29]} 32...f5 {[%clk 0:01:53]} 33.Qd1 {[%clk
0:01:27]} 33...Nxd3 {[%clk 0:01:18]} 34.Qxd3 {[%clk 0:01:39]} 34...Rf7 {[%clk
0:01:35]} 35.Qe2 {[%clk 0:01:07]} 35...Rf6 {[%clk 0:01:51]} 36.Re1 {[%clk
0:01:29]} 36...Rgg6 {[%clk 0:02:19]} 37.Re5 {[%clk 0:00:37]} 37...a6 {[%clk
0:01:50]} 38.Kh1 {[%clk 0:00:36]} 38...Qc6 {[%clk 0:01:38]} 39.f4 {[%clk
0:00:35]} 39...g4 {[%clk 0:01:02]} 40.hxg4 {[%clk 0:30:47]} 40...fxg4 {[%clk
0:31:30]} 41.Qe3 {[%clk 0:24:02]} 41...Kg7 {[%clk 0:21:23]} 42.Rh5 {[%clk
0:18:41]} 42...Qd6 {[%clk 0:16:35]} 43.Rf1 {[%clk 0:12:33]} 43...Rh6 {[%clk
0:07:37]} 44.Rg5+ {[%clk 0:12:51]} 44...Rhg6 {[%clk 0:07:01]} 45.Rh5 {[%clk
0:06:40]} 45...Rh6 {[%clk 0:07:27]} 46.Rg5+ {[%clk 0:07:06]} 46...Rhg6 {[%clk
0:07:54]} 47.Rh5 {[%clk 0:04:54]} 1/2-1/2

[Event "Najdorf Memorial"]
[Site "Warsaw POL"]
[Date "2021.07.14"]
[Round "5.28"]
[White "Grzesik, Gracjan"]
[Black "Rudzinska, Michalina"]
[Result "0-1"]
[WhiteElo "2063"]
[BlackElo "2238"]
[EventDate "2021.07.10"]
[PlyCount "70"]
[LiveChessVersion "1.4.8"]

1.c4 {[%clk 1:30:57]} 1...e5 {[%clk 1:30:53]} 2.Nc3 {[%clk 1:31:18]} 2...Nc6
{[%clk 1:31:16]} 3.Nf3 {[%clk 1:30:56]} 3...f5 {[%clk 1:31:30]} 4.d4 {[%clk
1:28:19]} 4...e4 {[%clk 1:31:38]} 5.Ng5 {[%clk 1:27:26]} 5...Nf6 {[%clk
1:31:28]} 6.e3 {[%clk 1:25:09]} 6...Be7 {[%clk 1:30:39]} 7.a3 {[%clk 1:20:28]}
7...a5 {[%clk 1:21:14]} 8.h4 {[%clk 1:05:34]} 8...h6 {[%clk 1:11:37]} 9.Nh3
{[%clk 1:05:49]} 9...O-O {[%clk 1:06:48]} 10.Nf4 {[%clk 0:56:42]} 10...d6
{[%clk 1:01:46]} 11.Qb3 {[%clk 0:51:57]} 11...Kh7 {[%clk 0:59:45]} 12.Be2
{[%clk 0:51:03]} 12...Ng4 {[%clk 0:57:04]} 13.g3 {[%clk 0:47:11]} 13...Bf6
{[%clk 0:53:26]} 14.Bd2 {[%clk 0:36:32]} 14...Re8 {[%clk 0:50:55]} 15.Ncd5
{[%clk 0:34:16]} 15...a4 {[%clk 0:46:26]} 16.Qc2 {[%clk 0:32:02]} 16...Bd7
{[%clk 0:40:32]} 17.Kf1 {[%clk 0:20:46]} 17...Na5 {[%clk 0:37:08]} 18.Bxa5
{[%clk 0:17:49]} 18...Rxa5 {[%clk 0:37:31]} 19.Kg2 {[%clk 0:17:13]} 19...c6
{[%clk 0:36:45]} 20.Bxg4 {[%clk 0:08:40]} 20...fxg4 {[%clk 0:35:37]} 21.Nxf6+
{[%clk 0:08:05]} 21...Qxf6 {[%clk 0:35:48]} 22.Qc3 {[%clk 0:07:00]} 22...Rf5
{[%clk 0:33:30]} 23.Qb4 {[%clk 0:04:40]} 23...b5 {[%clk 0:27:39]} 24.Rac1
{[%clk 0:02:50]} 24...bxc4 {[%clk 0:25:59]} 25.Rxc4 {[%clk 0:02:13]} 25...g6
{[%clk 0:21:21]} 26.Qxa4 {[%clk 0:01:28]} 26...Kg8 {[%clk 0:21:32]} 27.Qa7
{[%clk 0:00:39]} 27...Qf7 {[%clk 0:19:09]} 28.Rb4 {[%clk 0:00:37]} 28...Qg7
{[%clk 0:07:48]} 29.Rb7 {[%clk 0:00:38]} 29...Rf7 {[%clk 0:08:11]} 30.Nxg6
{[%clk 0:00:34]} 30...Qxg6 {[%clk 0:07:44]} 31.Rxd7 {[%clk 0:00:59]} 31...Rf3
{[%clk 0:07:18]} 32.Rf1 {[%clk 0:00:38]} 32...Ref8 {[%clk 0:07:38]} 33.Qa6
{[%clk 0:00:31]} 33...Qf5 {[%clk 0:07:28]} 34.Qc4+ {[%clk 0:00:33]} 34...d5
{[%clk 0:07:48]} 35.Qe2 {[%clk 0:00:31]} 35...Qxd7 {[%clk 0:08:10]} 0-1

[Event "Najdorf Memorial"]
[Site "Warsaw POL"]
[Date "2021.07.14"]
[Round "5.29"]
[White "Malaczek, Mateusz"]
[Black "Siekanski, Janusz"]
[Result "1/2-1/2"]
[WhiteElo "1991"]
[BlackElo "2212"]
[EventDate "2021.07.10"]
[PlyCount "78"]
[LiveChessVersion "1.4.8"]

1.c4 e6 {[%clk 1:30:39]} 2.Nf3 {[%clk 1:31:12]} 2...d5 {[%clk 1:30:08]} 3.g3
{[%clk 1:31:26]} 3...c5 {[%clk 1:30:17]} 4.Bg2 {[%clk 1:31:48]} 4...Nf6 {[%clk
1:30:08]} 5.O-O {[%clk 1:32:06]} 5...Nc6 {[%clk 1:26:58]} 6.cxd5 {[%clk
1:31:54]} 6...exd5 {[%clk 1:26:21]} 7.d4 {[%clk 1:32:04]} 7...Be7 {[%clk
1:26:16]} 8.Nc3 {[%clk 1:32:18]} 8...O-O {[%clk 1:26:02]} 9.dxc5 {[%clk
1:23:49]} 9...Bxc5 {[%clk 1:26:12]} 10.Na4 {[%clk 1:23:25]} 10...Be7 {[%clk
1:26:21]} 11.Nd4 {[%clk 1:14:19]} 11...Bg4 {[%clk 1:18:30]} 12.Be3 {[%clk
1:03:20]} 12...Qd7 {[%clk 1:16:03]} 13.Nxc6 {[%clk 0:59:26]} 13...bxc6 {[%clk
1:16:05]} 14.Rc1 {[%clk 0:59:32]} 14...Bh3 {[%clk 1:10:06]} 15.Nc5 {[%clk
0:49:47]} 15...Bxc5 {[%clk 1:08:55]} 16.Rxc5 {[%clk 0:47:41]} 16...Bxg2 {[%clk
1:00:34]} 17.Kxg2 {[%clk 0:47:45]} 17...Ne4 {[%clk 1:00:25]} 18.Rc1 {[%clk
0:47:17]} 18...Rfe8 {[%clk 0:51:55]} 19.Qa4 {[%clk 0:39:24]} 19...Re6 {[%clk
0:50:03]} 20.Rc2 {[%clk 0:34:25]} 20...h5 {[%clk 0:40:36]} 21.Rfc1 {[%clk
0:26:06]} 21...Rc8 {[%clk 0:37:15]} 22.Qxa7 {[%clk 0:24:56]} 22...Qe8 {[%clk
0:36:55]} 23.b4 {[%clk 0:13:50]} 23...h4 {[%clk 0:35:24]} 24.Qd4 {[%clk
0:12:49]} 24...hxg3 {[%clk 0:34:09]} 25.hxg3 {[%clk 0:13:10]} 25...Nxg3 {[%clk
0:23:55]} 26.Kxg3 {[%clk 0:12:00]} 26...Rg6+ {[%clk 0:22:36]} 27.Kh2 {[%clk
0:11:48]} 27...Qe6 {[%clk 0:19:43]} 28.f3 {[%clk 0:02:47]} 28...Qf5 {[%clk
0:14:56]} 29.Qh4 {[%clk 0:03:01]} 29...Re8 {[%clk 0:09:47]} 30.Bf4 {[%clk
0:00:55]} 30...d4 {[%clk 0:07:33]} 31.Rd2 {[%clk 0:00:39]} 31...Qb5 {[%clk
0:05:03]} 32.Rcc2 {[%clk 0:00:33]} 32...Qxb4 {[%clk 0:04:56]} 33.Rb2 {[%clk
0:00:39]} 33...Qc4 {[%clk 0:04:29]} 34.Rbc2 {[%clk 0:00:59]} 34...Qb5 {[%clk
0:03:41]} 35.Rb2 {[%clk 0:01:14]} 35...Qa4 {[%clk 0:02:16]} 36.Bg5 {[%clk
0:00:52]} 36...Qa5 {[%clk 0:01:27]} 37.Bf4 {[%clk 0:00:44]} 37...Qa4 {[%clk
0:01:31]} 38.Bg5 {[%clk 0:01:09]} 38...Qa5 {[%clk 0:01:21]} 39.Bf4 {[%clk
0:01:30]} 39...Qa4 {[%clk 0:00:53]} 1/2-1/2

[Event "Najdorf Memorial"]
[Site "Warsaw POL"]
[Date "2021.07.14"]
[Round "5.30"]
[White "Adamczyk, Zuzanna"]
[Black "Klepek, Witold"]
[Result "1/2-1/2"]
[WhiteElo "1921"]
[BlackElo "2192"]
[EventDate "2021.07.10"]
[PlyCount "30"]
[LiveChessVersion "1.4.8"]

1.e4 {[%clk 1:30:56]} 1...e5 {[%clk 1:30:33]} 2.Nf3 {[%clk 1:31:06]} 2...Nc6
{[%clk 1:30:50]} 3.Bb5 {[%clk 1:31:01]} 3...a6 {[%clk 1:31:03]} 4.Bxc6 {[%clk
1:31:00]} 4...dxc6 {[%clk 1:31:25]} 5.O-O {[%clk 1:30:53]} 5...Bg4 {[%clk
1:31:14]} 6.h3 {[%clk 1:29:02]} 6...h5 {[%clk 1:31:32]} 7.c3 {[%clk 1:28:59]}
7...Qd3 {[%clk 1:31:50]} 8.hxg4 {[%clk 1:28:53]} 8...hxg4 {[%clk 1:32:10]}
9.Nxe5 {[%clk 1:28:43]} 9...Bd6 {[%clk 1:31:56]} 10.Nxd3 {[%clk 1:28:34]}
10...Bh2+ {[%clk 1:32:21]} 11.Kh1 {[%clk 1:28:54]} 11...Bg3+ {[%clk 1:32:45]}
12.Kg1 {[%clk 1:29:18]} 12...Bh2+ {[%clk 1:33:03]} 13.Kh1 {[%clk 1:29:36]}
13...Bf4+ {[%clk 1:33:25]} 14.Kg1 {[%clk 1:29:57]} 14...Bh2+ {[%clk 1:33:49]}
15.Kh1 {[%clk 1:30:21]} 15...Bg3+ {[%clk 1:34:14]} 1/2-1/2

[Event "Najdorf Memorial"]
[Site "Warsaw POL"]
[Date "2021.07.14"]
[Round "5.31"]
[White "Kaminski, Maciej"]
[Black "Lisowski, Krzysztof"]
[Result "1-0"]
[WhiteElo "1845"]
[BlackElo "2170"]
[EventDate "2021.07.10"]
[PlyCount "49"]
[LiveChessVersion "1.4.8"]

1.e4 {[%clk 1:30:54]} 1...c6 {[%clk 1:30:48]} 2.d4 {[%clk 1:31:16]} 2...d5
{[%clk 1:31:11]} 3.Nc3 {[%clk 1:31:31]} 3...dxe4 {[%clk 1:31:23]} 4.Nxe4 {[%clk
1:31:52]} 4...Nf6 {[%clk 1:31:38]} 5.Nxf6+ {[%clk 1:31:58]} 5...exf6 {[%clk
1:31:56]} 6.c3 {[%clk 1:32:21]} 6...Bd6 {[%clk 1:31:53]} 7.Bd3 {[%clk 1:32:37]}
7...O-O {[%clk 1:31:18]} 8.Qc2 {[%clk 1:32:45]} 8...Re8+ {[%clk 1:30:31]} 9.Ne2
{[%clk 1:33:06]} 9...h5 {[%clk 1:30:26]} 10.Be3 {[%clk 1:31:09]} 10...Nd7
{[%clk 1:29:53]} 11.O-O-O {[%clk 1:30:05]} 11...b5 {[%clk 1:30:12]} 12.d5
{[%clk 1:25:22]} 12...c5 {[%clk 1:30:35]} 13.Bxb5 {[%clk 1:25:12]} 13...a6
{[%clk 1:30:32]} 14.Ba4 {[%clk 1:20:57]} 14...Qa5 {[%clk 1:03:59]} 15.Ng3
{[%clk 1:13:11]} 15...Rxe3 {[%clk 0:56:33]} 16.fxe3 {[%clk 1:07:49]} 16...Nb6
{[%clk 0:52:38]} 17.Bc6 {[%clk 1:06:24]} 17...Rb8 {[%clk 0:46:34]} 18.Ne4
{[%clk 1:02:17]} 18...Be5 {[%clk 0:39:09]} 19.d6 {[%clk 0:55:30]} 19...Bg4
{[%clk 0:25:04]} 20.d7 {[%clk 0:39:23]} 20...Bc7 {[%clk 0:24:51]} 21.Nd6 {[%clk
0:28:09]} 21...Bxd1 {[%clk 0:09:38]} 22.Rxd1 {[%clk 0:28:29]} 22...Bxd6 {[%clk
0:09:47]} 23.Rxd6 {[%clk 0:28:49]} 23...Nc4 {[%clk 0:10:09]} 24.Qb3 {[%clk
0:28:54]} 24...Qc7 {[%clk 0:03:41]} 25.Qxb8+ {[%clk 0:29:05]} 1-0

[Event "Najdorf Memorial"]
[Site "Warsaw POL"]
[Date "2021.07.14"]
[Round "5.32"]
[White "Godzwon, Iwo"]
[Black "Orlik, Sandra"]
[Result "1-0"]
[WhiteElo "2375"]
[BlackElo "1812"]
[EventDate "2021.07.10"]
[PlyCount "59"]
[LiveChessVersion "1.4.8"]

1.e4 {[%clk 1:30:37]} 1...c5 {[%clk 1:30:53]} 2.Nf3 {[%clk 1:31:04]} 2...e6
{[%clk 1:31:02]} 3.d4 {[%clk 1:31:26]} 3...cxd4 {[%clk 1:31:12]} 4.Nxd4 {[%clk
1:31:51]} 4...a6 {[%clk 1:31:29]} 5.c4 {[%clk 1:31:32]} 5...Nf6 {[%clk 1:30:39]}
6.Nc3 {[%clk 1:31:57]} 6...Qc7 {[%clk 1:29:42]} 7.Be2 {[%clk 1:29:34]} 7...Nc6
{[%clk 1:29:11]} 8.f4 {[%clk 1:10:43]} 8...e5 {[%clk 1:20:10]} 9.Nf5 {[%clk
1:05:50]} 9...g6 {[%clk 1:12:25]} 10.Ne3 {[%clk 1:06:10]} 10...Bb4 {[%clk
1:03:48]} 11.O-O {[%clk 0:58:32]} 11...Bxc3 {[%clk 0:48:56]} 12.bxc3 {[%clk
0:58:59]} 12...exf4 {[%clk 0:46:16]} 13.Nd5 {[%clk 0:58:44]} 13...Nxd5 {[%clk
0:45:10]} 14.exd5 {[%clk 0:56:56]} 14...Ne5 {[%clk 0:44:05]} 15.d6 {[%clk
0:51:43]} 15...Qc5+ {[%clk 0:42:17]} 16.Qd4 {[%clk 0:52:09]} 16...Qxd4+ {[%clk
0:42:02]} 17.cxd4 {[%clk 0:52:36]} 17...f3 {[%clk 0:41:45]} 18.gxf3 {[%clk
0:52:39]} 18...Nc6 {[%clk 0:41:31]} 19.d5 {[%clk 0:53:03]} 19...Na5 {[%clk
0:39:40]} 20.Bd2 {[%clk 0:49:50]} 20...b6 {[%clk 0:40:01]} 21.Rab1 {[%clk
0:50:16]} 21...f6 {[%clk 0:39:13]} 22.Rxb6 {[%clk 0:50:41]} 22...Nb7 {[%clk
0:39:38]} 23.Rfb1 {[%clk 0:50:56]} 23...Nc5 {[%clk 0:38:42]} 24.Be3 {[%clk
0:51:09]} 24...Nb7 {[%clk 0:35:41]} 25.Rxb7 {[%clk 0:51:28]} 25...Bxb7 {[%clk
0:36:06]} 26.Rxb7 {[%clk 0:51:55]} 26...h5 {[%clk 0:34:27]} 27.c5 {[%clk
0:52:21]} 27...O-O {[%clk 0:32:50]} 28.c6 {[%clk 0:52:45]} 28...Rab8 {[%clk
0:31:26]} 29.Rxb8 {[%clk 0:53:10]} 29...Rxb8 {[%clk 0:31:50]} 30.c7 {[%clk
0:53:38]} 1-0

[Event "Najdorf Memorial"]
[Site "Warsaw POL"]
[Date "2021.07.14"]
[Round "5.33"]
[White "Zylka, Stanislaw"]
[Black "Kozlowski, Michal"]
[Result "1/2-1/2"]
[WhiteElo "2362"]
[BlackElo "2043"]
[EventDate "2021.07.10"]
[PlyCount "86"]
[BlackTitle "I++"]
[WhiteTitle "FM"]

1.d4 Nf6 2.c4 e6 3.Nc3 Bb4 4.Nf3 b6 5.Bf4 Bb7 6.e3 O-O 7.Be2 d6 8.O-O Bxc3
9.bxc3 Nbd7 10.h3 h6 11.Bh2 Ne4 12.Qc2 f5 13.a4 a5 14.Rab1 Rb8 15.Rfd1 Qe7
16.Ne1 Ndf6 17.Nd3 Bc6 18.f3 Ng5 19.h4 Nf7 20.Nf4 Qd7 21.Ra1 g5 22.Ng6 Rfe8
23.Ne5 dxe5 24.dxe5 Qe7 25.exf6 Qxf6 26.hxg5 hxg5 27.c5 f4 28.cxb6 Rxb6 29.exf4
gxf4 30.Bc4 Kg7 31.Kf1 Nd6 32.Bd3 Reb8 33.Ra2 Rb3 34.Qd2 e5 35.c4 R3b4 36.c5
Nf5 37.Bxf5 Qxf5 38.Qc3 Rb1 39.Rd2 Rxd1+ 40.Rxd1 Bxa4 41.Re1 Rb1 42.g3 Rxe1+
43.Kxe1 Qb1+ 1/2-1/2

[Event "Najdorf Memorial"]
[Site "Warsaw POL"]
[Date "2021.07.14"]
[Round "5.34"]
[White "Piotrowski, Pawel"]
[Black "Lukasiewicz, Krzysztof"]
[Result "1/2-1/2"]
[WhiteElo "2027"]
[BlackElo "2359"]
[EventDate "2021.07.10"]
[PlyCount "82"]
[BlackTitle "FM"]
[WhiteTitle "I++"]

1.d4 Nf6 2.c4 e6 3.g3 c5 4.Nf3 cxd4 5.Nxd4 d5 6.Bg2 e5 7.Nb3 d4 8.O-O a5 9.f4
a4 10.fxe5 axb3 11.exf6 Rxa2 12.fxg7 Bxg7 13.Rxa2 bxa2 14.Qa4+ Nc6 15.Qxa2 O-O
16.Qb3 Qe7 17.Qf3 Ne5 18.Qa3 Qc7 19.b3 Bg4 20.Qa2 Qb6 21.Kh1 d3 22.Nc3 Qd4
23.Nb5 Qb6 24.exd3 Nxd3 25.Qd2 Nxc1 26.Qxc1 Bd7 27.Qg5 h6 28.Qe7 Bxb5 29.cxb5
Qxb5 30.Qxb7 Qxb7 31.Bxb7 Be5 32.Bd5 Kg7 33.b4 f6 34.b5 Rd8 35.Rd1 Rd6 36.Kg2
Kg6 37.Be4+ f5 38.Bd3 Kf6 39.Kf3 Rd4 40.Rd2 h5 41.Rd1 h4 1/2-1/2

[Event "Najdorf Memorial"]
[Site "Warsaw POL"]
[Date "2021.07.14"]
[Round "5.35"]
[White "Fiedorek, Michal"]
[Black "Budrewicz, Krzysztof"]
[Result "1-0"]
[WhiteElo "2234"]
[BlackElo "2279"]
[EventDate "2021.07.10"]
[PlyCount "97"]
[BlackTitle "m"]
[WhiteTitle "FM"]

1.e4 c5 2.Nf3 e6 3.d4 cxd4 4.Nxd4 Nf6 5.Nc3 Nc6 6.Nxc6 bxc6 7.e5 Nd5 8.Ne4 Bb7
9.Be2 c5 10.O-O Qc7 11.Nd6+ Bxd6 12.exd6 Qc6 13.f3 Qb6 14.Kh1 O-O 15.a3 f5
16.c4 Nf6 17.Be3 a5 18.Rb1 a4 19.b4 axb3 20.Rxb3 Qc6 21.Qa1 Ba6 22.Qe5 Rfc8
23.Rfb1 Kf7 24.Kg1 Qa4 25.Qc3 Rc6 26.Bf4 Re8 27.Be5 Bc8 28.Rb5 Qa7 29.a4 Ba6
30.R5b3 Rcc8 31.Qe3 Rf8 32.Rb6 Qa8 33.Qd2 Rc6 34.R6b2 Rcc8 35.Qe3 Qc6 36.Rb6
Qa8 37.a5 Rc6 38.R6b2 Bc8 39.Qc3 Ra6 40.Rb5 Qa7 41.g4 Kg8 42.gxf5 exf5 43.Kf2
Kh8 44.Qd2 f4 45.Bd3 Qa8 46.Bc2 Rc6 47.Qd3 g6 48.Qc3 Kg7 49.Re1 1-0

[Event "Najdorf Memorial"]
[Site "Warsaw POL"]
[Date "2021.07.14"]
[Round "5.36"]
[White "Kubicka, Anna"]
[Black "Pettersson, Alexander"]
[Result "1-0"]
[WhiteElo "2210"]
[BlackElo "1995"]
[EventDate "2021.07.10"]
[PlyCount "57"]
[WhiteTitle "WIM"]

1.e4 c6 2.d4 d5 3.Nc3 dxe4 4.Nxe4 Nf6 5.Nxf6+ exf6 6.c3 Bd6 7.Bd3 O-O 8.Qc2 g6
9.Be3 Nd7 10.h4 Re8 11.O-O-O Nf8 12.h5 Qa5 13.Kb1 Be6 14.b3 Qc7 15.Nf3 a5
16.hxg6 fxg6 17.Rh4 Bf7 18.Rdh1 a4 19.b4 b6 20.Bh6 Ne6 21.Nd2 Qe7 22.Nc4 b5
23.Ne3 f5 24.Bxf5 gxf5 25.Nxf5 Qc7 26.Rg4+ Bg6 27.Nxd6 Qxd6 28.Rxg6+ Kf7 29.Bg5 1-0

[Event "Najdorf Memorial"]
[Site "Warsaw POL"]
[Date "2021.07.14"]
[Round "5.37"]
[White "Jedrusik, Adam"]
[Black "Siwiec, Arkadiusz"]
[Result "1/2-1/2"]
[WhiteElo "2015"]
[BlackElo "2206"]
[EventDate "2021.07.10"]
[PlyCount "117"]
[BlackTitle "I++"]
[WhiteTitle "I+"]

1.d4 Nf6 2.Bf4 c5 3.e3 g6 4.c3 cxd4 5.exd4 Bg7 6.Nf3 d6 7.Be2 O-O 8.O-O Bg4
9.h3 Bxf3 10.Bxf3 d5 11.Nd2 Nc6 12.Nb3 e6 13.Re1 Ne8 14.Qc1 Nd6 15.Nc5 Na5
16.Bg5 Qc7 17.Qf4 b6 18.Nd3 Rac8 19.Bf6 Nf5 20.Bxg7 Qxf4 21.Nxf4 Nxg7 22.Be2
Rc7 23.g4 Rb8 24.Bb5 Nb7 25.Nd3 Nd6 26.a4 Ra8 27.Ba6 Nge8 28.Ne5 Kg7 29.Re2 Nf6
30.f3 h5 31.Kg2 Rh8 32.Ree1 Nd7 33.Nxd7 Rxd7 34.g5 Rb8 35.Bb5 Rc7 36.Ra2 Kf8
37.Kf2 Ke7 38.Raa1 Ra8 39.Ba6 Rd7 40.Bb5 Rc7 41.Ba6 Kd8 42.Re5 Re7 43.Ke3 Rc7
44.Kd2 Ke7 45.Rae1 Kd7 46.Ra1 Kc6 47.Re2 Rd7 48.Ree1 Rdd8 49.Bd3 a6 50.a5 b5
51.b4 Rf8 52.Rg1 Rae8 53.f4 Nf5 54.Rae1 Kd6 55.Bxf5 exf5 56.Re5 Rxe5 57.fxe5+
Ke6 58.Ke3 Rc8 59.Rc1 1/2-1/2

[Event "Najdorf Memorial"]
[Site "Warsaw POL"]
[Date "2021.07.14"]
[Round "5.38"]
[White "Sowul, Bartosz"]
[Black "Dalkowski, Rafal"]
[Result "1/2-1/2"]
[WhiteElo "2186"]
[BlackElo "1980"]
[EventDate "2021.07.10"]
[PlyCount "60"]
[BlackTitle "I++"]
[WhiteTitle "k+"]

1.e4 c6 2.d4 d5 3.Nc3 dxe4 4.Nxe4 Bf5 5.Ng3 Bg6 6.N1e2 e6 7.c3 Nd7 8.Nf4 Qh4
9.Qf3 Ngf6 10.Nxg6 hxg6 11.Qf4 Qxf4 12.Bxf4 Nd5 13.Bd2 N7f6 14.Be2 Bd6 15.O-O
O-O-O 16.Bf3 e5 17.c4 Ne7 18.dxe5 Bxe5 19.Be3 Bd4 20.Bc1 Rhe8 21.Rb1 Nf5
22.Nxf5 gxf5 23.Bg5 Rd6 24.Bxf6 Bxf6 25.b4 Rd2 26.b5 Kc7 27.a3 Ra2 28.Rb3 Be7
29.bxc6 bxc6 30.Rfb1 Kd6 1/2-1/2

[Event "Najdorf Memorial"]
[Site "Warsaw POL"]
[Date "2021.07.14"]
[Round "5.39"]
[White "Czernek, Tymon"]
[Black "Kaminski, Jan"]
[Result "1-0"]
[WhiteElo "2171"]
[BlackElo "1978"]
[EventDate "2021.07.10"]
[PlyCount "59"]
[BlackTitle "I++"]
[WhiteTitle "FM"]

1.e4 c5 2.Nf3 d6 3.d4 cxd4 4.Nxd4 Nf6 5.Nc3 a6 6.Bc4 e6 7.O-O Nbd7 8.a4 Nc5
9.Re1 Be7 10.f3 Qc7 11.Qe2 O-O 12.Be3 Re8 13.Bf2 b6 14.Ba2 Bb7 15.Qd2 Rac8
16.b4 Ncd7 17.Nce2 d5 18.exd5 Nxd5 19.Rab1 Ne5 20.Bg3 Bd6 21.c4 Nxc4 22.Bxc4
Bxg3 23.hxg3 Qxc4 24.Rec1 Nc3 25.Rxc3 Qd5 26.Rxc8 Rxc8 27.Rc1 Rd8 28.Qe3 Qa2
29.Qb3 Qd2 30.Qc3 1-0

[Event "Najdorf Memorial"]
[Site "Warsaw POL"]
[Date "2021.07.14"]
[Round "5.40"]
[White "Golecki, Jan"]
[Black "Syrkiewicz, Michal"]
[Result "1-0"]
[WhiteElo "2161"]
[BlackElo "1976"]
[EventDate "2021.07.10"]
[PlyCount "51"]
[BlackTitle "I+"]
[WhiteTitle "k"]

1.d4 Nf6 2.Nf3 e6 3.e3 d5 4.Bd3 c5 5.b3 Nc6 6.Bb2 Bd6 7.O-O Qc7 8.dxc5 Bxc5
9.c4 dxc4 10.Bxc4 O-O 11.Nbd2 a6 12.Rc1 Qe7 13.Bd3 e5 14.Bb1 Bg4 15.Qc2 Bd6
16.Nc4 Rfd8 17.Nxd6 Qxd6 18.Ng5 g6 19.h3 Bf5 20.Qc4 Be6 21.Qh4 h5 22.f4 Nd5
23.f5 gxf5 24.Bxf5 Bxf5 25.Rxf5 Qg6 26.Nxf7 1-0